Poradenstvo v marketingu

Definovanie poradenstva. Význam a úlohy poradenstva. Charakteristika jednotlivých subjektov poradenstva a ich vlastnosti. Základné formy poradenstva v marketingu. Projektový manažment v poradenstve, jeho podstata a špecifiká. Poradenstvo ako metóda riadenia zmien.

Saved in:
Bibliographic Details
Main Author: Hanuláková, Eva, 1964-
Format: Book Chapter
Language:Slovak
Subjects:
Tags: Add Tag
No Tags, Be the first to tag this record!

MARC

LEADER 00000naa$a2200000$$$4500
001 0037945
005 20240502071457.2
041 0 |a slo 
044 |a SK 
245 1 0 |a Poradenstvo v marketingu  |c Eva Hanuláková 
520 |a Definovanie poradenstva. Význam a úlohy poradenstva. Charakteristika jednotlivých subjektov poradenstva a ich vlastnosti. Základné formy poradenstva v marketingu. Projektový manažment v poradenstve, jeho podstata a špecifiká. Poradenstvo ako metóda riadenia zmien. 
610 2 0 |a poradenstvo 
610 2 0 |a marketing 
610 2 0 |a služby poradenské 
610 2 0 |a riadenie projektové 
610 2 0 |a riadenie zmien 
100 1 |a Hanuláková, Eva, 1964-